000 004140000a22001930004500
005 20120302053459.0
942 _cBOOK
100 _a Shaw,Bernard
245 _a Candida
260 _aMumbai:Orient Longman,1976
300 _axvi,122p
040 _aENG
365 _bRs.
650 _aLiterature
650 _aEnglish Literature
650 _aDrama
650 _aEnglish Drama
650 _aCandida-Drama
999 _c342983
_d342980